[Event "Stuttgart-chA op"]
[Site "Ditzingen"]
[Date "2015.05.14"]
[Round "1"]
[White "Gibicar, Marc"]
[Black "Flick, Antoine"]
[Result "0-1"]
[WhiteElo "1938"]
[BlackElo "2167"]
[PlyCount "90"]
[EventDate "2015.05.14"]
[EventType "swiss"]
[EventRounds "7"]
[EventCountry "GER"]
[SourceTitle "EXT 2018"]
[Source "ChessBase"]
[SourceDate "2017.10.13"]
[SourceVersion "1"]
[SourceVersionDate "2017.10.13"]
[SourceQuality "1"]

1. d4 Nf6 2. c4 g6 3. g3 Bg7 4. Bg2 d5 5. cxd5 Nxd5 6. e4 Nb6 7. Nf3 Bg4 8. d5 c6 9. h3 Bxf3 10. Qxf3 cxd5 11. exd5 0-0 12. 0-0 N8d7 13. Nc3 Nc4 14. Qe2 Rc8 15. Rb1 Re8 16. Bg5 h6 17. Bf4 Ndb6 18. Rfd1 Qd7 19. Ne4 g5 20. Bc1 Qf5 21. b3 Nd6 22. g4 Qg6 23. Bb2 Rcd8 24. Bxg7 Qxg7 25. Ng3 Nd7 26. Rbc1 Qe5 27. Qd2 Rc8 28. Re1 Rxc1 29. Qxc1 Qd4 30. Qc7 Ne5 31. Ne4 Qb6 32. Qc3 Ng6 33. Ng3 Rc8 34. Qd2 Qc5 35. Nf5 Nxf5 36. gxf5 Nf4 37. h4 Qd6 38. hxg5 hxg5 39. Be4 Kg7 40. Bf3 f6 41. Re6 Nxe6 42. fxe6 Rh8 43. Bg2 a6 44. Qd4 Rd8 45. Be4 Qxe6 0-1

[Event "Stuttgart-chA int"]
[Site "Ditzingen"]
[Date "2014.05.31"]
[Round "7"]
[White "Flick, Antoine"]
[Black "Gibicar, Marc"]
[Result "1-0"]
[WhiteElo "2045"]
[BlackElo "1917"]
[PlyCount "93"]
[EventDate "2014.05.29"]
[EventType "swiss"]
[EventRounds "7"]
[EventCountry "GER"]
[SourceTitle "EXT 2015"]
[Source "ChessBase"]
[SourceDate "2014.11.20"]
[SourceVersion "1"]
[SourceVersionDate "2014.11.20"]
[SourceQuality "1"]

1. d4 Nf6 2. Nf3 c5 3. d5 e6 4. c4 exd5 5. cxd5 d6 6. Nc3 g6 7. e4 Bg7 8. h3 0-0 9. Bd3 Re8 10. 0-0 a6 11. a4 b6 12. Bf4 Bb7 13. Re1 Nh5 14. Bh2 Qc7 15. Rc1 Nd7 16. Be2 Bh6 17. Rc2 Nf4 18. Bf1 g5 19. h4 g4 20. Ng5 Ng6 21. Qxg4 Nf6 22. Qg3 Bg7 23. Rcc1 h6 24. Nf3 Rad8 25. Nd2 Ne5 26. Nc4 Nh5 27. Qe3 Ng4 28. Qf3 Bc8 29. Ne3 Nxh2 30. Kxh2 Be5+ 31. g3 Ng7 32. Bh3 Bxh3 33. Kxh3 Qd7+ 34. Qg4 Bxc3 35. Qxd7 Rxd7 36. bxc3 Rxe4 37. Ng4 Rxe1 38. Rxe1 Kf8 39. Nxh6 b5 40. axb5 axb5 41. Kg4 Ra7 42. Rb1 Ra4+ 43. f4 b4 44. cxb4 Rxb4 45. Ra1 Rd4 46. Ra7 f5+ 47. Nxf5 1-0

[Event "Stuttgart-chA int"]
[Site "Ditzingen"]
[Date "2014.05.30"]
[Round "4"]
[White "Gibicar, Marc"]
[Black "Einwiller, Dieter"]
[Result "1-0"]
[WhiteElo "1917"]
[BlackElo "2146"]
[PlyCount "99"]
[EventDate "2014.05.29"]
[EventType "swiss"]
[EventRounds "7"]
[EventCountry "GER"]
[SourceTitle "EXT 2015"]
[Source "ChessBase"]
[SourceDate "2014.11.20"]
[SourceVersion "1"]
[SourceVersionDate "2014.11.20"]
[SourceQuality "1"]

1. d4 d5 2. Nf3 Nf6 3. g3 e6 4. Bg2 b5 5. a4 b4 6. c4 Bb7 7. cxd5 exd5 8. 0-0 Bd6 9. Nbd2 Nbd7 10. Nb3 a5 11. Bg5 h6 12. Bxf6 Qxf6 13. Qd3 c6 14. Nh4 0-0 15. Qf5 Rfd8 16. e4 dxe4 17. Bxe4 g6 18. Qf3 Qxf3 19. Nxf3 f5 20. Bd3 c5 21. Nfd2 cxd4 22. Rfe1 Ne5 23. Bc4+ Kg7 24. Nxd4 Kf6 25. Rad1 Re8 26. Bb5 Re7 27. N2b3 Bf3 28. Ne2 Bc7 29. Rc1 Bb6 30. Red1 Nf7 31. Rd2 Rd8 32. Rxd8 Bxd8 33. Ned4 Bb7 34. Bc6 Bb6 35. Bxb7 Rxb7 36. Rc6+ Kg7 37. Ne6+ Kg8 38. Nbc5 Bxc5 39. Nxc5 Ra7 40. Rxg6+ Kh7 41. Rf6 Kg7 42. Rxf5 Nd6 43. Rf4 Kg6 44. Nb3 Ra6 45. Rd4 Kf6 46. Kg2 Ke5 47. Rh4 Nb7 48. Kf3 Rf6+ 49. Ke3 Kd5 50. Rh5+ 1-0

[Event "Deizisau op 5th"]
[Site "Deizisau"]
[Date "2010.10.29"]
[Round "1"]
[White "Zeller, Frank"]
[Black "Gibicar, Marc"]
[Result "1-0"]
[WhiteElo "2415"]
[BlackElo "1967"]
[PlyCount "61"]
[EventDate "2010.10.29"]
[EventType "swiss"]
[EventRounds "7"]
[EventCountry "GER"]
[SourceTitle "EXT 2011"]
[Source "ChessBase"]
[SourceDate "2010.11.26"]
[SourceVersion "1"]
[SourceVersionDate "2010.11.26"]
[SourceQuality "1"]

1. e4 c6 2. d4 d5 3. exd5 cxd5 4. c4 Nf6 5. Nc3 e6 6. Nf3 Be7 7. cxd5 Nxd5 8. Bd3 Nc6 9. 0-0 0-0 10. Re1 Ncb4 11. Bb1 Nf6 12. Ne5 Nc6 13. Nf3 a6 14. Bg5 b5 15. a3 Bb7 16. Qd3 g6 17. Ba2 b4 18. Na4 bxa3 19. bxa3 Qa5 20. Nc5 Ra7 21. Nxe6 fxe6 22. Rxe6 Kg7 23. d5 Rd8 24. dxc6 Bc8 25. Qe3 Qc7 26. Rxf6 Bxf6 27. Bxf6+ Kxf6 28. Qc3+ Ke7 29. Re1+ Kd6 30. Qf6+ Kc5 31. Rc1+ 1-0

[Event "Wuerttemberg-ch Cand"]
[Site "Lindau"]
[Date "2009.09.05"]
[Round "8"]
[White "Fruehsorger, Dieter"]
[Black "Gibicar, Marc"]
[Result "1-0"]
[WhiteElo "1884"]
[BlackElo "1951"]
[PlyCount "53"]
[EventDate "2009.08.29"]
[EventType "swiss"]
[EventRounds "9"]
[EventCountry "GER"]
[SourceTitle "EXT 2023"]
[Source "ChessBase"]
[SourceDate "2022.10.05"]
[SourceVersion "1"]
[SourceVersionDate "2022.10.05"]
[SourceQuality "1"]

1. e4 c5 2. d4 cxd4 3. c3 dxc3 4. Nxc3 Nc6 5. Nf3 e6 6. Bc4 Qc7 7. 0-0 Nf6 8. h3 a6 9. Qe2 h5 10. e5 d5 11. exf6 dxc4 12. Rd1 gxf6 13. Qxc4 b5 14. Qh4 Ne5 15. Qxf6 Nxf3+ 16. Qxf3 Bb7 17. Ne4 Be7 18. Bf4 e5 19. Rac1 Qb8 20. Bh2 Rg8 21. Qf5 Ra7 22. Bxe5 Qa8 23. Qd7+ Kf8 24. Rc7 Rxg2+ 25. Kf1 Rxf2+ 26. Kxf2 Bh4+ 27. Ke3 1-0

[Event "Wuerttemberg-ch Cand"]
[Site "Lindau"]
[Date "2009.09.02"]
[Round "5"]
[White "Gibicar, Marc"]
[Black "Kohn, Thomas"]
[Result "0-1"]
[WhiteElo "1951"]
[BlackElo "2000"]
[PlyCount "41"]
[EventDate "2009.08.29"]
[EventType "swiss"]
[EventRounds "9"]
[EventCountry "GER"]
[SourceTitle "EXT 2023"]
[Source "ChessBase"]
[SourceDate "2022.10.05"]
[SourceVersion "1"]
[SourceVersionDate "2022.10.05"]
[SourceQuality "1"]

1. d4 d5 2. Nf3 Nf6 3. e3 e6 4. Bd3 c5 5. c3 Nc6 6. Nbd2 Bd6 7. 0-0 0-0 8. Qe2 e5 9. dxc5 Bxc5 10. e4 Bg4 11. exd5 Nxd5 12. Nb3 Bd6 13. Bxh7+ Kxh7 14. Qd3+ e4 15. Qxe4+ f5 16. Ng5+ Qxg5 17. Qxd5 Qg6 18. f4 Rad8 19. Qb5 Rfe8 20. Qxb7 Bh3 21. Qxc6 0-1

[Event "Wuerttemberg-ch Cand"]
[Site "Lindau"]
[Date "2009.08.31"]
[Round "3"]
[White "Gibicar, Marc"]
[Black "Gibicar, Danijel"]
[Result "1/2-1/2"]
[WhiteElo "1951"]
[BlackElo "1869"]
[PlyCount "102"]
[EventDate "2009.08.29"]
[EventType "swiss"]
[EventRounds "9"]
[EventCountry "GER"]
[SourceTitle "EXT 2023"]
[Source "ChessBase"]
[SourceDate "2022.10.05"]
[SourceVersion "1"]
[SourceVersionDate "2022.10.05"]
[SourceQuality "1"]

1. d4 Nf6 2. c4 e6 3. Qc2 Nc6 4. Nf3 Bb4+ 5. Nc3 d6 6. Bd2 Qe7 7. e4 e5 8. d5 Nd4 9. Nxd4 exd4 10. Qa4+ Bd7 11. Qxb4 dxc3 12. Qxc3 Qxe4+ 13. Be3 Bf5 14. f3 Qe7 15. 0-0-0 0-0-0 16. Bxa7 Rde8 17. Bd4 Nd7 18. Bd3 Bxd3 19. Qxd3 Qg5+ 20. Qd2 Qg6 21. Rhe1 f6 22. f4 Qf7 23. Qa5 b6 24. Qa6+ Kb8 25. Re3 Rxe3 26. Bxe3 Qg6 27. Qa4 Qe4 28. Re1 Nc5 29. Qc2 Re8 30. Kd1 Qd3+ 31. Qxd3 Nxd3 32. Re2 Nxb2+ 33. Rxb2 Rxe3 34. Re2 Rc3 35. Re7 Rxc4 36. Rxg7 Rxf4 37. Rxh7 Rd4+ 38. Kc2 Rxd5 39. h4 Ra5 40. Kb3 Re5 41. g4 Re4 42. Rg7 f5 43. h5 fxg4 44. h6 Re3+ 45. Kc4 Rh3 46. h7 Kb7 47. a4 g3 48. Kb5 Rh5+ 49. Kc4 g2 50. Rg8 Rxh7 51. Rxg2 Rh5 1/2-1/2

[Event "Stuttgart-chB int"]
[Site "Gerlingen"]
[Date "2007.05.18"]
[Round "4"]
[White "Grueneschild, Hildegard"]
[Black "Gibicar, Marc"]
[Result "1/2-1/2"]
[WhiteElo "1398"]
[BlackElo "1604"]
[PlyCount "45"]
[EventDate "2007.05.17"]
[EventType "swiss"]
[EventRounds "7"]
[EventCountry "GER"]
[SourceTitle "EXT 2018"]
[Source "ChessBase"]
[SourceDate "2017.10.13"]
[SourceVersion "1"]
[SourceVersionDate "2017.10.13"]
[SourceQuality "1"]

1. c4 c5 2. Nc3 Nc6 3. g3 g6 4. Bg2 Bg7 5. Nf3 e6 6. d3 Nge7 7. Rb1 a6 8. 0-0 Rb8 9. Ne4 d6 10. Bg5 h6 11. Bf6 0-0 12. Bxg7 Kxg7 13. e3 e5 14. Qd2 b5 15. b3 b4 16. Qc2 f5 17. Ned2 g5 18. Qb2 Kh7 19. h3 Bb7 20. Qc2 Ng6 21. Nh2 Nce7 22. f3 Kg7 23. Qb2 1/2-1/2

[Event "Stuttgart-chB int"]
[Site "Ditzingen"]
[Date "2006.05.26"]
[Round "4"]
[White "Zerweck, Christoph"]
[Black "Gibicar, Marc"]
[Result "1-0"]
[WhiteElo "1781"]
[BlackElo "1436"]
[PlyCount "37"]
[EventDate "2006.05.25"]
[EventType "swiss"]
[EventRounds "7"]
[EventCountry "GER"]
[SourceTitle "EXT 2018"]
[Source "ChessBase"]
[SourceDate "2017.10.13"]
[SourceVersion "1"]
[SourceVersionDate "2017.10.13"]
[SourceQuality "1"]

1. e4 c6 2. d4 d5 3. e5 Bf5 4. Nf3 e6 5. Be2 Ne7 6. 0-0 Nd7 7. Be3 c5 8. c4 cxd4 9. Nxd4 Nxe5 10. cxd5 Qxd5 11. Nc3 Qa5 12. Re1 a6 13. Qb3 b5 14. Rad1 N7c6 15. Nxf5 exf5 16. f4 Ng6 17. Bf3 Nge7 18. Bxc6+ Nxc6 19. Bb6+ 1-0